000 00731nam a22002057a 4500
005 20100807141917.0
010 _aENG-98835
020 _a9788190859202
_c50.00
035 _aEN-82367
037 _bDBAD/PUB
082 _a660.6
100 _aVijayalakshmi, S
_98639
245 _aMicrobial technology /
_cby S. Vijayalakshmi
260 _aTrichy (Tamilnadu)
_bBalu Pathippagam
_c2009
270 _a3/172, Middle Street, Athavathoor (PO), Trichy
_bTrichy (Tamilnadu)
300 _a142p.
_c20cm (pbk)
500 _aIncludes references
942 _2ddc
_cEN
_h660.6
_mVIJ
999 _c40079
_d40079